Tập bài giảng pháp luật môi trường trong kinh doanh
Nội dung tài liệu trình bày những vấn đề lí luận về pháp luật môi trường trong kinh doanh. Một số vấn đề pháp luật môi trường về công cụ kinh tế trong quản lí và bảo vệ môi trường, về biến đổi khí hậu do hoạt động kinh doanh, trong...
Enregistré dans:
| Auteur principal: | |
|---|---|
| Format: | Livre |
| Langue: | Undetermined |
| Publié: |
Hà Nội
Tư pháp
2013
|
| Sujets: | |
| Tags: |
Ajouter un tag
Pas de tags, Soyez le premier à ajouter un tag!
|
| Thư viện lưu trữ: | Trung tâm Học liệu Trường Đại học Cần Thơ |
|---|
| LEADER | 01275nam a2200217Ia 4500 | ||
|---|---|---|---|
| 001 | CTU_203190 | ||
| 008 | 210402s9999 xx 000 0 und d | ||
| 020 | |c 46000 | ||
| 082 | |a 343.597 | ||
| 082 | |b Ph561 | ||
| 100 | |a Nguyễn, Văn Phương | ||
| 245 | 0 | |a Tập bài giảng pháp luật môi trường trong kinh doanh | |
| 245 | 0 | |c Nguyễn Văn Phương (chủ biên) | |
| 260 | |a Hà Nội | ||
| 260 | |b Tư pháp | ||
| 260 | |c 2013 | ||
| 520 | |a Nội dung tài liệu trình bày những vấn đề lí luận về pháp luật môi trường trong kinh doanh. Một số vấn đề pháp luật môi trường về công cụ kinh tế trong quản lí và bảo vệ môi trường, về biến đổi khí hậu do hoạt động kinh doanh, trong hoạt động sản xuất công nghiệp, hoạt động sản xuất nông - lâm - ngư nghiệp, hoạt động xây dựng, hoạt động giao thông vận tải, xuất - nhập khẩu, du lịch và kinh doanh dịch vụ khác | ||
| 650 | |a Law,Luật | ||
| 650 | |z Vietnam,Việt Nam | ||
| 904 | |i Bằng | ||
| 980 | |a Trung tâm Học liệu Trường Đại học Cần Thơ | ||